Dzielnice i osiedla Gorzowa Wielkopolskiego z mapą - Statystyki

Ogólne statystyki
  • Ten quiz został rozwiązany 327 razy
    314 od ostatniego zresetowania
  • Średni wynik to 11 z 20
Odpowiedzi na mapie
Odpowiedzi zakodowano w zielono-czerwonej skali na mapie do tego quizu, zgodnie z poniższymi procentami.
 
Statystyki odpowiedzi
Dzielnica lub osiedle % Poprawnych
Zawarcie
85%
Piaski
77%
Staszica
75%
Manhattan
71%
Górczyn
70%
Śródmieście
70%
Wieprzyce
70%
Zakanale
70%
Europejskie
59%
Dolinki
57%
Słoneczne
57%
Baczyna
43%
Chwalęcice
43%
Karnin
43%
Małyszyn
38%
Janice
36%
Zieleniec
35%
Siedlice
28%
Chróścik
27%
Nowy Dwór
23%
Nie znaleziono quizów pasujących do podanych kryteriów
Rozkład punktacji
Procent ludzi z każdym wynikiem
Percentyl według liczby udzielonych odpowiedzi
Twoja historia wyników
Nie rozwiązałeś tego quizu od ostatniego zresetowania